000 00885nam a2200253Ia 4500
008 160404s9999 xx 000 0 und d
020 _a971-92726-4-3
050 _aFIL HF 5686.C7
050 _b.V35 2006
100 _aValencia, Edwin G.
245 _aPartnership and corporation accounting :
245 _bconcepts, principles, procedures and application : based on the Philippine Accounting Standards (PAS) and International Financial Reporting Standards (IFRS) /
245 _cEdwin G. Valencia, Gregorio F. Roxas, Darrell Joe. O. Asuncion.
250 _a2nd Edition
260 _aBaguio City:
260 _bValencia Educational Supply.
260 _c2006
300 _a458 pages :
300 _billustrations ;
300 _c25 cm.
500 _aIncludes bibliographical references.
650 _aHotels -- Accounting.
650 _xCorporations -- Accounting.
999 _c293242
_d293242